Οπτικοποίηση χωροχρονικών δεδομένων : πτυχιακή εργασία

Αποθηκεύτηκε σε:
Λεπτομέρειες βιβλιογραφικής εγγραφής
Κύριος συγγραφέας: Πίπιλας, Κάρολος
Συγγραφή απο Οργανισμό/Αρχή: Πανεπιστήμιο Αιγαίου. Σχολή Κοινωνικών Επιστημών. Τμήμα Γεωγραφίας
Άλλοι συγγραφείς: Σουλακέλλης, Νικόλαος (Εισηγητής διατριβής)
Μορφή: Thesis Βιβλίο
Γλώσσα:Greek
Δημοσίευση: Λέσβος : Πανεπιστήμιο Αιγαίου, Σχολή Κοινωνικών Επιστημών, Τμήμα Γεωγραφίας, 2007
Θέματα:
Διαθέσιμο Online:http://hdl.handle.net/11610/6186
Ετικέτες: Προσθήκη ετικέτας
Δεν υπάρχουν, Καταχωρήστε ετικέτα πρώτοι!

MARC

LEADER 00000cam a2200000 i 4500
001 1/44181
008 070511s2007 gre d
035 |l 10087795 
040 |a GR-MY-UA  |b gre  |e aacr 
041 0 |a gre 
082 0 |a 526  |2 (22) 
100 1 |a Πίπιλας, Κάρολος. 
245 1 0 |a Οπτικοποίηση χωροχρονικών δεδομένων :  |b πτυχιακή εργασία /  |c του Κάρολου Πίπιλα ; επιβλέπων καθηγητής Ν. Σουλακέλλης 
260 |a Λέσβος :   |b Πανεπιστήμιο Αιγαίου, Σχολή Κοινωνικών Επιστημών, Τμήμα Γεωγραφίας,   |c 2007 
300 |a 46 σ.;  |b διαγρ.;  |c 30 εκ. 
502 # # |a Πτυχιακή εργασία – Πανεπιστήμιο Αιγαίου, Λέσβος, 2007. 
504 |a Βιβλιογραφία: σ. 44-46 
650 0 0 |a Digital mapping. 
650 0 0 |a Cartography. 
650 0 0 |a Geographic information systems  |x Research. 
650 0 0 |a Dissertations, Academic  |z Greece. 
700 1 |a Σουλακέλλης, Νικόλαος.  |4 ths 
710 2 |a Πανεπιστήμιο Αιγαίου.   |b Σχολή Κοινωνικών Επιστημών.   |b Τμήμα Γεωγραφίας. 
852 |a INST  |b LESVOS  |c DIATR  |e 20070511  |h 427  |p 005100038386  |q 005100038386  |t DIE  |y 23 
852 |a INST  |b LESVOS  |c DIATR  |e 20070511  |h 428  |p 005100038385  |q 005100038385  |t DIE  |y 23 
856 |u http://hdl.handle.net/11610/6186 
901 |a BIBL1-2007-2 
909 |a Λ  |b 132840 
909 |a Λ  |b 1328341 
924 |a ΠΙΠΙΛΑΣ  |b ΚΑΡΟΛΟΣ  |y ΛΕΣΒΟΣ  |z 2007-05 
970 |a ΒΑΡΚΑ  |b ΕΛΕΥΘΕΡΙΑ  |z 2007/05/11